000 00432nam a2200121Ia 4500
008 220216s9999 xx 000 0 und d
100 _aMagg H
245 0 _aCrosslinking of carboxylated nitrile rubbers with resol resins
260 _bIndia Rubber Expo & Tyre Show 2013. Conference & Workshop Abstracts, 22-24 January 2013, Mumbai, India. pp. 132-137.
650 _aResol resins
650 _aXNBR crosslinking system
942 _cJS
999 _c56571
_d56571